书目信息 |
| 题名: |
二战德国陆军第654重装甲歼击营官方战史
|
|
| 作者: | 黄锴 , 丛丕 编著 | |
| 分册: | 上册 从汉堡到库尔斯克 | |
| 出版信息: | 长春 吉林文史出版社 2015 |
|
| 页数: | 292页 | |
| 开本: | 26cm | |
| 丛书名: | ||
| 单 册: | ||
| 中图分类: | E516.9 | |
| 科图分类: | ||
| 主题词: | 第二次世界大战--di er ci shi jie da zhan--装甲兵部队--战争史--德国 | |
| 电子资源: | ||
| ISBN: | 978-7-5472-2940-8 | |
| 000 | 01007nam0 22002411 450 | |
| 001 | 0124140144 | |
| 005 | 20170327144353.59 | |
| 010 | @a978-7-5472-2940-8@dCNY69.80 | |
| 100 | @a20160329d2015 em y0chiy50 ea | |
| 101 | 0 | @achi |
| 102 | @aCN@b220000 | |
| 105 | @aa z 000yy | |
| 106 | @ar | |
| 200 | 1 | @a二战德国陆军第654重装甲歼击营官方战史@9er zhan de guo lu jun di 654chong zhuang jia jian ji ying guan fang zhan shi@h上册@i从汉堡到库尔斯克@f黄锴,丛丕编著 |
| 210 | @a长春@c吉林文史出版社@d2015 | |
| 215 | @a292页@c图,照片@d26cm | |
| 330 | @a本书主要内容包括:第654反坦克/装甲歼击营的组建和征战历程;第654反坦克/装甲歼击营照片及文件集;第654重型装甲歼击营的组建和“堡垒”行动;第654重型装甲歼击营在1943年的相关照片及文件集等。 | |
| 606 | 0 | @a第二次世界大战@9di er ci shi jie da zhan@x装甲兵部队@x战争史@y德国 |
| 690 | @aE516.9@v5 | |
| 701 | 0 | @a黄锴@9huang kai@f(1985~)@4编著 |
| 701 | 0 | @a丛丕@9cong pi@f(1977~)@4编著 |
| 801 | 0 | @aCN@bTANGWEI@c20170308 |
| 905 | @b0961847-9@dE516.9@e94:1@f3 | |
| 二战德国陆军第654重装甲歼击营官方战史.上册.从汉堡到库尔斯克/黄锴,丛丕编著.-长春:吉林文史出版社,2015 |
| 292页:图,照片;26cm |
| ISBN 978-7-5472-2940-8:CNY69.80 |
| 本书主要内容包括:第654反坦克/装甲歼击营的组建和征战历程;第654反坦克/装甲歼击营照片及文件集;第654重型装甲歼击营的组建和“堡垒”行动;第654重型装甲歼击营在1943年的相关照片及文件集等。 |
| ● |
| 相关链接 |
|
|
|
|
正题名:二战德国陆军第654重装甲歼击营官方战史
索取号:E516.9/94:1
 
预约/预借
| 序号 | 登录号 | 条形码 | 馆藏地/架位号 | 状态 | 备注 |
| 1 | 0961847 | 209618476 | 第一样本阅览室/ [索取号:E516.9/94:1] | 在馆 | |
| 2 | 0961848 | 209618485 | 第一借阅区/ [索取号:E516.9/94:1] | 在馆 | |
| 3 | 0961849 | 209618494 | 第一借阅区/ [索取号:E516.9/94:1] | 在馆 |